MDQL
is popping MORE tags! Check the
thread
!
Quizzes
Events
Quiz Creation
Community
Videos
Private Events
Remove Ads
Sign In
Join for FREE
Feedback
Dark Mode
Quiz Categories
Sports
Geography
Music
Movies
Television
Just For Fun
Miscellaneous
History
Literature
Language
Science
Gaming
Entertainment
Religion
Holiday
For Kids
Quiz Lab
Recent
Popular Today
Quiz Kudos Today
Editor Picks
Curator Picks
Quizzes by...
Day
Popularity
Type
Ratings
Length
Year
Community
Subscriptions
Recent Discussions
Orange Saloon
Badges
Playlists
Quests
Create
Leaderboards
Showdown
Live 5
Trivia Bingo
Activity
Puzzle Library
Sporcle Events
Private Events
Virtual Trivia
Globe League
Become a Host
Pub Owners
SporcleCon
Opinionation
Our Games
Videos
Blog
Mobile Apps
Partnerships
Remove Ads and Go Orange
Feedback
Sports
Athletes
MLB
NBA
NHL
NFL
Soccer
Sports Teams
WWE
NCAA
Football
Premier League
Basketball
Baseball
Hockey
Golf
Tennis
Cricket
Rugby
Auto Racing
Olympics
World Cup
Sports
Athletes
MLB
NBA
NHL
NFL
Soccer
Sports Teams
WWE
NCAA
Football
Premier League
Basketball
Baseball
Hockey
Golf
Tennis
Cricket
Rugby
Auto Racing
Olympics
World Cup
Random Quiz
Search Sporcle
×
Quiz Lab
Quiz Lab
Sports
Basketball
Type in answers that appear in a list
Type in answers that appear in a list
Classic
Best Score? Go Orange.
Top 5 Picks NBA 00-13 Stats
Can you name the Top 5 Picks NBA 00-11?
By
RhysTaylor
10m
70 Questions
159 Plays
159 Plays
159 Plays
Comments
Comments
Give Quiz Kudos
Give Quiz Kudos
-
- Ratings
hide this ad
More Info
Replay
Link that replays current quiz
Next Quiz
Link to next quiz in quiz playlist
You Got
0%
They Got
Avg Score
50%
Avg Friend Score
Upgrade to see
Score Distribution
Jump to the score distribution portion of the page
Score
0/70
Timer
10:00
0
Plays Today
Year
Player
% Correct
2003
LeBron James
96.2%
2003
Carmelo Anthony
89.3%
2003
Dwayne Wade
89.3%
2011
Derrick Williams
88.7%
2006
Shelden Williams
88.7%
2005
Marvin Williams
88.7%
2005
Deron Williams
88.7%
2002
Jay Williams
88.7%
2012
Anthony Davis
87.5%
2003
Chris Bosh
84.9%
2007
Greg Oden
83%
2007
Kevin Durant
82.4%
2005
Chris Paul
82.4%
2011
Kyrie Irving
81.8%
2008
Derrick Rose
81.8%
2010
John Wall
81.1%
2009
Blake Griffin
79.9%
2003
Darko Milicic
77.4%
2004
Dwight Howard
76.1%
2002
Yao Ming
70.4%
2013
Anthony Bennett
67.5%
2008
Russel Westbrook
67.3%
2001
Kwame Brown
65.4%
2010
Wesley Johnson
64.8%
2006
Andrea Bargnani
64.8%
2005
Andrew Bogut
64.2%
2004
Emeka Okafor
62.9%
2001
Eddy Curry
60.4%
2012
Bradley Beal
60%
2004
Ben Gordon
59.7%
2001
Tyson Chandler
59.1%
2000
Kenyon Martin
59.1%
2008
Kevin Love
57.9%
2013
Victor Oladipo
57.5%
2009
Tyreke Evans
57.2%
Year
Player
% Correct
2008
Michael Beasley
56%
2001
Pau Gasol
54.1%
2009
Ricky Rubio
53.5%
2010
DeMarcus Cousins
52.2%
2007
Al Horford
50.9%
2012
Michael Kidd-Gilchrist
50%
2008
O.J. Mayo
49.7%
2006
LaMarcus Aldridge
48.4%
2006
Tyrus Thomas
47.8%
2012
Dion Waiters
47.5%
2013
Cody Zeller
45%
2013
Otto Porter
45%
2010
Evan Turner
44%
2009
James Harden
44%
2007
Jeff Green
44%
2000
Mike Miller
43.4%
2011
Tristan Thompson
41.5%
2009
Hasheem Thabeet
39.6%
2005
Raymond Felton
39.6%
2010
Derrick Favors
39%
2012
Thomas Robinson
37.5%
2013
Alex Len
37.5%
2007
Mike Conley Jnr.
37.1%
2004
Delvin Harris
35.8%
2006
Adam Morrison
34%
2000
Stromile Swift
34%
2011
Enes Kanter
32.7%
2001
Jason Richardson
30.2%
2002
Mike Dunleavy Jnr.
27.7%
2000
Marcus Fizer
21.4%
2011
Jonas Valanciunas
17.6%
2002
Drew Gooden
16.4%
2004
Shaun Livingston
15.7%
2000
Darius Miles
15.7%
2002
Nikoloz Tskitshvili
6.9%
Quiz Playlist
Details
Report
Send in Message
Add To Playlist
More Info:
Correct as of 23/9/13 Will re-do for the 2014 draft and thereafter Have fun and check out some of my other quizes
Classic:
Type in answers that appear in a list
Quiz Source
Last Updated: Feb 16, 2017
Quiz Scoreboard
CHALLENGE
Sign Up to Join the Scoreboard
Show All
Scores
Hide
Comments
May contain spoilers
Recently Published
Street Fighter Characters
by Artimus82
Gaming
60s
9x9 Crossword: Cartoon Network
by jackfrog10
Miscellaneous
3m
College Basketball Coaching Resumes
by pancakes188
Sports
9m
More to Explore
Quiz From the Vault
Featured Blog Post
Where Did the Easter Bunny Come From?
hide this ad
You Might Also Like...
Tags
Basketball Quiz
NBA Quiz
Draft
NBA Draft
NBA Player
NBA Teams
Today's Top Quizzes in Sports
Browse Sports
hide this ad
Today's Top Quizzes in Basketball
Browse Basketball
Top Contributed Quizzes in Sports
1
2022 World Cup Stars
2
Les meilleurs buteurs des matchs entre le PSG et l’OM
3
FIFA Club World Cup Champions
4
Les entraîneurs de l'OM et du PSG au 21e siècle
5
Criteria MLB: Left Handed Sluggers
6
2023 MLB Unique Player Accomplishments
7
AFC Teams Reveal (Wrong Answers Minefield)
8
5-to-1: FBS Animal Nicknames
9
Players with Multiple 50 Home Run Seasons
10
5-to-1: UK Sports Teams
Explore More
Trending Topics
Disney
Marvel
NBA
Kpop
Harry Potter
Crossword
Anime
Country
Soccer
WWE
The Office
Pokémon
Puzzle
Song
NFL
hide this ad
More By:
RhysTaylor
Quiz
Plays
Rating
Category
Featured
Created
Internal Premier League Transfer Records
1,278
4.50
Sports
Sep 23, 2013
Guess Football Player from Stats
1,072
4.00
Sports
Sep 23, 2013
F1 Top 3 Finishers Every Race 2010
854
3.00
Sports
Feb 11, 2011
Fantasy Premier League 13-14 Most Expensive
607
5.00
Sports
Sep 24, 2013
City Signings Since Takeover (Summer 13)
475
Sports
Nov 27, 2011
Go to Creator's Profile
Score Distribution
Quiz Creator Spotlight
RhysTaylor
Follow
Send a Message
Quizzes Created
-
Created Quiz Play Count
-
More By This Creator
Popular Quizzes Today
1
Find the US States - No Outlines Minefield
2
Find the Countries of Europe - No Outlines Minefield
3
The Countries of the World
4
Find the US States
5
Risky Map Clicking: Biggest States A-Z
6
US States
7
Popular People in 1961
8
Movies - When Are They Set?
More Sports Quizzes
UFC Championship Fights
Quiz Lab
Trending Quizzes
Risky Map Clicking: Least Populous States A-Z
Billboard Blitz: Aretha Franklin
Famous Russians: Author or Composer?
1-10 Letter G Words
Countries of the World: 200 Million BC
Recently Updated
Leaping Animals
pecheneg
Reality TV Shows (A-Z)
bhenderson79
Rickey Henderson's Hall of Fame Teammates
pecheneg
Champions League XIs: Arsenal
pecheneg
Quick Pick: Celebrities in WWE's Hall of Fame
aduchscher
A-Z Keypad Blitz II
pecheneg
Multiple Oscar Actors
pecheneg
Mystery Phrase Blitz: Oscar 'Best Actors'
pecheneg
F. Scott Fitzgerald Novels
LTH
Pick 3 Villains
ddd62291
Trending Topics
Marvel
Kpop
Crossword
Disney
Harry Potter
NBA
Anime
Puzzle
WWE
NFL
Country
Song
The Office
Soccer
Pokémon
Your Account Isn't Verified!
In order to create a playlist on Sporcle, you need to verify the email address you used during registration. Go to your
Sporcle Settings
to finish the process.
Report this User
Report this user for behavior that violates our
Community Guidelines
.
Details:
Send Report
Go to the Sporcle.com Mobile Site →
Comments